|
|
|
|
| LEADER |
00000naa2a2200000 4500 |
| 001 |
532742 |
| 005 |
20231229115202.0 |
| 035 |
|
|
|a (RuTPU)RU\TPU\prd\220116
|
| 035 |
|
|
|a RU\TPU\prd\215186
|
| 090 |
|
|
|a 532742
|
| 100 |
|
|
|a 20140617a2012 k y0rusy50 ca
|
| 101 |
0 |
|
|a rus
|
| 102 |
|
|
|a RU
|
| 200 |
1 |
|
|a Двухстадийная модель текущего ресурса турбоустановки по ремонтной предыстории
|f В. В. Литвак, Л. В. Савостьянова
|
| 330 |
|
|
|a Приведена модель расчета показателей надежности основного оборудования ТЭС, основанная на статистическом учете его дефектов. Рассмотрены проблемы выявления и фиксации дефектов и отказов, возникающих на различных стадиях работы оборудования, а также определения вероятного назначенного ресурса работы энергоустановки на основе реально действующей турбоустановки.
|
| 461 |
|
1 |
|0 (RuTPU)RU\TPU\prd\315
|t Промышленная энергетика
|o производственно-технический журнал
|d 1944-
|
| 463 |
|
1 |
|0 (RuTPU)RU\TPU\prd\134390
|t № 2
|v С. 6-11, 71
|d 2012
|
| 610 |
1 |
|
|a труды учёных ТПУ
|
| 700 |
|
1 |
|a Литвак
|b В. В.
|c специалист в области теплоэнергетики
|c профессор Томского политехнического университета, доктор технических наук
|f 1940-
|g Валерий Владимирович
|3 (RuTPU)RU\TPU\pers\25676
|9 11587
|
| 701 |
|
1 |
|a Савостьянова
|b Л. В.
|c специалист в области теплоэнергетики
|c заведующий лабораторией Томского политехнического университета
|f 1976-
|g Людмила Викторовна
|3 (RuTPU)RU\TPU\pers\25997
|9 11846
|
| 801 |
|
1 |
|a RU
|b 63413507
|c 20140306
|
| 801 |
|
2 |
|a RU
|b 63413507
|c 20140617
|g RCR
|
| 942 |
|
|
|c BK
|